| 000 | 01549nam a22002177a 4500 | ||
|---|---|---|---|
| 999 |
_c58039 _d58039 |
||
| 003 | Ge_BSU | ||
| 005 | 20210518162613.0 | ||
| 008 | 210518s1987 ge ||||| |||| 00| 0 geo d | ||
| 041 | _ageo | ||
| 080 | _a621.3(076.5)(072) მ-46 | ||
| 245 |
_aმეთოდური მითითებები ლაბორატორიული სამუშაოების ჩასატარებლად ელექტროტექნიკის თეორიულ საფუძვლებსა და ელექტრული წრედების თეორიაში. _b ნაწ. 2 / _cშემდგ.: პ. მერაბიშვილი, ნ. წივწივაძე და სხვ. |
||
| 264 |
_aთბილისი, _c1987. |
||
| 300 |
_a142 გვ. _b20 სმ. |
||
| 504 | _aბიბლიოგრ. გვ. 141 | ||
| 653 | _aელექტროტექნიკის თეორია | ||
| 653 | _aელექტრული წრედების თეორია | ||
| 700 |
_aმერაბიშვილი, პ. _eშემდგენელი _92765 |
||
| 700 |
_aწივწივაძე, ნ. _eშემდგენელი _92771 |
||
| 710 |
_aსაქართველოს სსრ უმაღლესი და საშუალო სპეციალური განათლების სამინისტრო. _bსაქართველოს პოლიტექნიკური ინსტიტუტი _911834 |
||
| 942 |
_2udc _cBK |
||